Męskie Imiona na literę K - Statystyki

Ogólne statystyki
  • Ten quiz został rozwiązany 2 409 razy
  • Średni wynik to 9 z 30
Statystyki odpowiedzi
Imiona % Poprawnych
Kamil
84%
Karol
76%
Krzysztof
75%
Kacper
72%
Kuba
69%
Konrad
60%
Krystian
56%
Kazimierz
51%
Kornel
49%
Kai
39%
Kajetan
34%
Kordian
32%
Konstanty
31%
Ksawery
30%
Klaudiusz
29%
Korneliusz
23%
Klemens
20%
Kryspin
18%
Kewin
16%
Krzesimir
14%
Kasper
13%
Kostek
11%
Kleofas
10%
Kasjan
9%
Kaspian
8%
Ksawier
8%
Kasjusz
6%
Krystyn
6%
Klaus
3%
Kefas
1%
Nie znaleziono quizów pasujących do podanych kryteriów
Rozkład punktacji
Procent ludzi z każdym wynikiem
Percentyl według liczby udzielonych odpowiedzi
Twoja historia wyników
Nie rozwiązałeś tego quizu